| 000 | 00762cam a22002537a 4500 | ||
|---|---|---|---|
| 003 | CHAP | ||
| 005 | 20220329141117.0 | ||
| 008 | 971014s1906 r 00010 d | ||
| 010 | _a62717 | ||
| 011 | _a63689 | ||
| 035 | _a67866 | ||
| 040 | _cCHAP | ||
| 082 |
_a636.1 _bV5 |
||
| 100 | 0 | 0 |
_aViadas, Lauro. _9119034 |
| 245 | 1 | 3 |
_aEl mejoramiento de la raza caballar del país _b: informe rendido a la Secretaría de Fomento |
| 260 |
_aMéxico, D.F. : _bSecretaría de Fomento, _c1906 |
||
| 300 |
_a59 p. _b: ilus. |
||
| 590 |
_aBATCH-UPD _b10 _c20130110 _lUCH01 _h0415 |
||
| 590 |
_aCONVERSION _b10 _c20130109 _lUCH01 _h1334 |
||
| 650 | 1 | 4 |
_aGanado caballar. _944967 |
| 901 | _aBK | ||
| 942 | _cLIBRO | ||
| 949 |
_a636.1 V5 _bBC _cBPP _d-154147 _eBPP _h27754 _i67866 _si |
||
| 999 |
_c62717 _d62717 |
||